Meilleurs pays du monde en escalade - Statistiques

Statistiques générales
  • Ce quiz a été pris 316 fois
  • Le résultat moyen est 21 sur 29
Statistiques - réponses
Rang Nombre de médailles
or + argent + bronze
Pays % Correct
Championnats du monde 2 48 France
100%
Cumul JO et Championnats du monde 2 48 France
100%
Championnats du monde 10 15 Etats-Unis
95%
Jeux olympiques 1 3 Etats-Unis
95%
Cumul JO et Championnats du monde 9 18 Etats-Unis
95%
Championnats du monde 5 21 Japon
94%
Jeux olympiques 1 3 Japon
94%
Cumul JO et Championnats du monde 4 24 Japon
94%
Jeux olympiques 4 2 Chine
89%
Jeux olympiques 7 1 Espagne
89%
Championnats du monde 9 16 Allemagne
86%
Cumul JO et Championnats du monde 10 16 Allemagne
86%
Jeux olympiques 7 1 Royaume-Uni
82%
Championnats du monde 1 53 Russie
71%
Cumul JO et Championnats du monde 1 53 Russie
71%
Championnats du monde 6 20 Tchéquie
65%
Cumul JO et Championnats du monde 7 20 Tchéquie
65%
Championnats du monde 6 20 Slovénie
62%
Jeux olympiques 4 2 Slovénie
62%
Cumul JO et Championnats du monde 6 22 Slovénie
62%
Championnats du monde 3 28 Autriche
55%
Jeux olympiques 1 3 Autriche
55%
Cumul JO et Championnats du monde 3 31 Autriche
55%
Championnats du monde 8 18 Pologne
54%
Jeux olympiques 4 2 Pologne
54%
Cumul JO et Championnats du monde 7 20 Pologne
54%
Jeux olympiques 7 1 Indonésie
40%
Championnats du monde 4 23 Ukraine
36%
Cumul JO et Championnats du monde 5 23 Ukraine
36%
Aucun quiz correspondant
Distribution des résultats
% des personnes avec chaque résultat
Percentile par nombre de réponses
Votre historique - résultats
Vous n’avez pas pris ce quiz